000 00725nam a2200253 a 4500
003 AR-BaBNM
005 20251128210201.0
008 082120s2002 ||||||||||||||000 | spa||
020 _a84-7635-252-2
040 _cAR-BaBNM
100 1 _aGranada, Daniel
245 0 0 _aDiccionario rioplatense razonado
250 _a1ª ed.
260 _aMadrid
_bArco Libros
_c1998
300 _axxxvi, 263 p.
504 _aIncluye introducción, bibliografía, juicio crítico de la primera edición y prólogo al comienzo del volumen
650 4 _aDICCIONARIOS
653 _aARGENTINISMOS
653 _aNEOLOGISMOS
655 _aREFERENCIA
700 1 _aKühl de Mones, Ursula
_eprologuista
942 _cBK
998 _claura
999 _c14419
_d14419